000 00564nam a2200205 a 4500
005 20251203064004.0
008 100202s2002 es r 000 0 spa d
020 _a848239617X
035 _aUPN01000174408
049 _aCG
050 4 _aZ1003
_bL6.2
100 1 _aLomas Pastor, Carmen
245 1 0 _aCómo hacer hijos lectores /
_cCarmen Lomas Pastor.
260 _aMadrid :
_bPalabra,
_c2002.
300 _a280 p.
440 0 _aHacer familia ;
_v84
650 4 _aIntereses en la lectura
_94851
650 4 _aPromoción de la lectura
_96400
905 _aLibro
999 _c146512
_d146512